Fallos pronunciados por el Excmo. Tribunal Constitucional entre el 4 de mayo de 1981 y el 24 de septiembre de 1985: ley orgánica constitucional del tribunal constitucional y autos acordados
Salvato in:
| Natura: | Libro |
|---|---|
| Lingua: | spagnolo |
| Pubblicazione: |
Santiago, Chile:
Jurídica,
1986
|
| Soggetti: | |
| Tags: |
Aggiungi Tag
Nessun Tag, puoi essere il primo ad aggiungerne!!
|
MARC
| LEADER | 00000nam a2200000 a 4500 | ||
|---|---|---|---|
| 001 | UCU7442 | ||
| 003 | CL-VaPUC | ||
| 005 | 20250402170556.0 | ||
| 008 | 960705e19860000CL |||||||||||||||||spa|d | ||
| 999 | |c 250087 |d 250085 | ||
| 040 | |c Pontificia Universidad Católica de Valparaíso | ||
| 082 | 0 | 4 | |a 342.03 FAL 1986 |2 21 |
| 245 | 1 | 0 | |a Fallos pronunciados por el Excmo. Tribunal Constitucional entre el 4 de mayo de 1981 y el 24 de septiembre de 1985: ley orgánica constitucional del tribunal constitucional y autos acordados |
| 260 | |a Santiago, Chile: |b Jurídica, |c 1986 | ||
| 300 | |a 253 páginas | ||
| 583 | |a last modification |c 19960705 00:00:00 |k Rodrigo Vera | ||
| 650 | 0 | |a Tribunal Constitucional |x Procesos judiciales |x Sentencias |z Chile |9 897863 | |
| 942 | |c BK |2 ddc | ||
| 945 | |d 19960705 00:00:00 |a rbrito | ||
| 952 | |0 0 |1 0 |4 0 |6 342_030000000000000_FAL_1986 |7 0 |8 A |9 267869 |a BIBDER |b BIBDER |d 2019-11-19 |i 3210537 |o 342.03 FAL 1986 |p 3210537 |r 2023-01-25 |w 2019-11-19 |y BK |k DER | ||
| 952 | |0 0 |1 0 |4 0 |6 342_030000000000000_FAL_1986 |7 0 |8 A |9 267870 |a BIBDER |b BIBDER |d 2019-11-19 |i 3210545 |o 342.03 FAL 1986 |p 3210545 |r 2023-01-25 |w 2019-11-19 |y BK |k DER | ||
| 952 | |0 0 |1 0 |4 0 |6 342_030000000000000_FAL_1986 |7 0 |8 A |9 267871 |a BIBDER |b BIBDER |d 2019-11-19 |i 1876759 |o 342.03 FAL 1986 |p 1876759 |r 2023-01-25 |w 2019-11-19 |y BK |k DER | ||
| 952 | |0 0 |1 0 |4 0 |6 342_030000000000000_FAL_1986 |7 0 |8 A |9 267872 |a BIBDER |b BIBDER |d 2019-11-19 |i 357184K |o 342.03 FAL 1986 |p 357184K |r 2023-01-25 |w 2019-11-19 |y BK |k DER | ||